000 00838cam a2200193 a 4500
020 _a0821304879 (pbk.)
082 0 0 _a350.71/2
_bWES
_c43241
100 1 _aWestring, Gösta.
_937901
245 1 0 _aInternational procurement :
_ba training manual /
_cGösta Westring.
250 _a2nd rev. ed.
260 _aGeneva :
_bInternational Trade Centre UNCTAD/GATT (ITC) ;
_aNew York :
_bUnited Nations Institute for Training and Research (UNITAR) ;
_aWashington, D.C. :
_bWorld Bank,
_cc1985.
300 _axi, 316 p. :
_bill. ;
_c28 cm.
526 _a0
_b0
_c0
_d350_712000000000000_WES
650 0 _aGovernment purchasing
_xHandbooks, manuals, etc.
_b43241
_937902
710 2 _aInternational Trade Centre UNCTAD/GATT.
_937903
710 2 _aUnited Nations Institute for Training and Research.
_937904
710 2 _aWorld Bank.
_94999
942 _2ddc
_cBK
999 _c542648
_d542648